000 00809cam a2200289 4500
001 J98595
008 090401t1999 xxu||||| |||| 00| 0 eng d
035 _a(Sirsi) u93322
041 _aeng
050 _a333.33016
110 _aLaSalle Investment Management
_93750
245 _aUK property index. - First quarter 1999 - Second quarter 1999 - Fourth quarter 1999
260 _aLondon
_bLaSalle Investment Management
_c1999
300 _a4 pt. ; 30cm.
350 _a0
650 _aCAPITAL VALUES
650 _aINDUSTRIAL PROPERTY
650 _aOFFICES
650 _aPROPERTY INDICES
650 _aPROPERTY INVESTMENT
650 _aRENTAL VALUES
650 _aSHOPS
690 _aPROPERTY-COMMERCIAL PROPERTY
710 _aJones Lang Wootton
_92909
942 _n0
948 _c13/05/1999
999 _c97829
_d97829